Cálculo

محفوظ في:
التفاصيل البيبلوغرافية
المؤلفون الرئيسيون: Campbell, Hugh G (مؤلف), Spencer, Robert E (مؤلف)
التنسيق: كتاب
اللغة:الإسبانية
منشور في: Ciudad de México Interamericana 1977
الموضوعات:
الوسوم: إضافة وسم
لا توجد وسوم, كن أول من يضع وسما على هذه التسجيلة!

MARC

LEADER 00000nam a2200000 a 4500
001 UCU3646
003 CL-VaPUC
005 20230615103300.0
008 960510e19770000MX |||||||||||||||||spa|d
999 |c 247584  |d 247582 
040 |c Pontificia Universidad Católica de Valparaíso 
082 0 4 |a 515.2  |b CAM  |2 21 
100 0 |a Campbell, Hugh G  |e author  |9 360714 
245 1 0 |a Cálculo 
260 |a Ciudad de México  |b Interamericana  |c 1977 
300 |a 330 p 
583 |a last modification  |c 19960510 00:00:00  |k Rodrigo Vera 
650 0 |a Cálculo  |9 260234 
650 0 |a Cálculo diferencial   |9 260102 
650 0 |a Funciones   |9 263869 
650 0 |a Cálculo integral  |9 260103 
650 0 |a Funciones exponenciales   |9 360716 
650 0 |a Funciones logarítmicas  |9 358858 
700 0 |a Spencer, Robert E  |e author  |9 360715 
942 |c BK  |2 ddc 
945 |d 19960510 00:00:00  |a paguirre